000 01160nam a2200349 i 4500
001 13593
003 KOSZ 005
005 20220627115304.0
008 190622s1967 pl f f 000 0 pol
015 _aPB 1968/39
040 _aWA N
_cWA N
_dKOSZ 005/RW
046 _k1967
080 _a621
080 _a657.47
100 1 _aBorowiecki, Jerzy
_c(ekonomia)
_eAutor
245 1 0 _aKoszty pośrednie w przemyśle maszynowym /
_cJerzy Borowiecki.
260 _aWarszawa :
_bPaństwowe Wydawnictwo Ekonomiczne,
_c1967.
300 _a221, [3] stron ;
_c18 cm.
336 _aTekst
_btxt
_2rdacontent
337 _aBez urządzenia pośredniczącego
_bn
_2rdamedia
338 _aWolumin
_bnc
_2rdacarrier
380 _aKsiążki.
388 _a1901-2000
504 _aBibliografia na stronach 217-[220].
658 _aGospodarka, ekonomia, finanse
650 4 _aEkonomika
650 4 _aKoszty
650 4 _aPrzemysł maszynowy
710 2 _aPaństwowe Wydawnictwo Ekonomiczne
_4pbl.
856 _uhttp://koha.tu.koszalin.pl/cgi-bin/koha/opac-detail.pl?biblionumber=13593
_yKatalog online BPK
942 _2UKD
_cKS
999 _c13593
_d13593